| 000 | 01524cam a22002294a 4500 | ||
|---|---|---|---|
| 005 | 20250605163949.0 | ||
| 008 | 250528s ||||||||||||||||||||||||d | ||
| 035 | _a15330 | ||
| 020 | _a201710749 | ||
| 040 |
_aGR-AtMCL _bgre _dGR-AtMCL _eAACR2 |
||
| 245 | 1 | _aMultinational Business Finance / Ninth Edition | |
| 250 | _a9th | ||
| 260 |
_bAllyn And Bacon, _c2001 |
||
| 300 | _a764 | ||
| 520 | _aThis book features a streamlined presentation, expanded attention to emerging markets, and a stronger managerial focus throughout. The International Financial Environment, The International Monetary Environment, Foreign Exchange Rate Determination, The Foreign Exchange Market, Foreign Currency Options, Measuring and Managing Foreign Exchange Exposure, Transaction Exposure, Operating Exposure, Accounting Exposure, Interest Rate Exposure and Swaps, Financing the Global Firm, Sourcing Equity Globally, Sourcing Debt Globally, Foreign Investment Decisions, Multinational Capital Budgeting, International Acquisitions and Valuation, Managing Multinational Operations, Multinational Taxation, Repositioning Funds, Working Capital Management, Evaluation of Performance, Advanced Topics in Multinational Finance, International Portfolio Theory and the MNE, Advanced Topics in Currency Risk Management, Advanced Topics in Interest Rate Risk Management. | ||
| 700 | 1 |
_aEiteman David K _91223 |
|
| 700 | 1 |
_aMoffett Michael H _91226 |
|
| 700 | 1 |
_aStonehill Arthur I _91224 |
|
| 942 | _cBK | ||
| 999 |
_c920 _d920 |
||